Animal Crossing: New Horizons - Villager Quiz - Statistics

General Stats
  • This quiz has been taken 47 times
  • The average score is 198 of 413
Answer Stats
Villager % Correct
Raymond
100%
Bea
92%
Beau
92%
Lolly
92%
Lucky
92%
Marina
92%
Al
83%
Alli
83%
Apollo
83%
Audie
83%
Ava
83%
Bluebear
83%
Cookie
83%
Daisy
83%
Dobie
83%
Dom
83%
Goose
83%
Lobo
83%
Molly
83%
Muffy
83%
Ace
75%
Beardo
75%
Bones
75%
Buck
75%
Butch
75%
Cherry
75%
Ellie
75%
Erik
75%
Fauna
75%
Freya
75%
Goldie
75%
Julia
75%
Julian
75%
Ketchup
75%
Kid Cat
75%
Kiki
75%
Marshal
75%
Melba
75%
Merengue
75%
Merry
75%
Moe
75%
Octavian
75%
Pierce
75%
Reneigh
75%
Rosie
75%
Tia
75%
Whitney
75%
Admiral
67%
Agnes
67%
Alice
67%
Apple
67%
Aurora
67%
Axel
67%
Bam
67%
Bianca
67%
Bill
67%
Biskit
67%
Bob
67%
Camofrog
67%
Cephalobot
67%
Chief
67%
Chow
67%
Cleo
67%
Croque
67%
Diana
67%
Dotty
67%
Eloise
67%
Fang
67%
Felicity
67%
Filbert
67%
Flip
67%
Flurry
67%
Frobert
67%
Hamlet
67%
Jay
67%
Katt
67%
Klaus
67%
Lily
67%
Maggie
67%
Mitzi
67%
Nan
67%
Olivia
67%
Peewee
67%
Phil
67%
Phoebe
67%
Pinky
67%
Poppy
67%
Quillson
67%
Skye
67%
Stinky
67%
Tammi
67%
Tangy
67%
Timbra
67%
Tom
67%
Vesta
67%
Vivian
67%
Wolfgang
67%
Zucker
67%
Agent S
58%
Anabelle
58%
Angus
58%
Antonio
58%
Astrid
58%
Avery
58%
Barold
58%
Bubbles
58%
Cally
58%
Charlise
58%
Chevre
58%
Chrissy
58%
Coco
58%
Colton
58%
Cube
58%
Curlos
58%
Curly
58%
Diva
58%
Flo
58%
Flora
58%
Francine
58%
Genji
58%
Hans
58%
Henry
58%
Jitters
58%
June
58%
Kidd
58%
Kitt
58%
Kyle
58%
Limberg
58%
Lucy
58%
Lyman
58%
Mac
58%
Maddie
58%
Mira
58%
Moose
58%
Norma
58%
Patty
58%
Peggy
58%
Piper
58%
Puck
58%
Punchy
58%
Purrl
58%
Renée
58%
Rocket
58%
Rod
58%
Ruby
58%
Shari
58%
Shino
58%
Sprinkle
58%
Sterling
58%
Stu
58%
Sydney
58%
Tad
58%
Tammy
58%
Wendy
58%
Alfonso
50%
Amelia
50%
Anicotti
50%
Ankha
50%
Annalise
50%
Big Top
50%
Billy
50%
Bree
50%
Broffina
50%
Bud
50%
Bunnie
50%
Celia
50%
Chai
50%
Chelsea
50%
Chester
50%
Chops
50%
Claudia
50%
Cobb
50%
Cousteau
50%
Del
50%
Deli
50%
Drago
50%
Ed
50%
Egbert
50%
Elise
50%
Étoile
50%
Frank
50%
Gloria
50%
Hamphrey
50%
Jeremiah
50%
Joey
50%
Kabuki
50%
Keaton
50%
Ken
50%
Lopez
50%
Naomi
50%
Nibbles
50%
Opal
50%
Pashmina
50%
Paula
50%
Peanut
50%
Peck
50%
Pekoe
50%
Ribbot
50%
Rilla
50%
Rodney
50%
Roscoe
50%
Rowan
50%
Rudy
50%
Shep
50%
Sprocket
50%
Static
50%
Tybalt
50%
Ursala
50%
Walt
50%
Zell
50%
Anchovy
42%
Annalisa
42%
Baabara
42%
Bettina
42%
Biff
42%
Blanche
42%
Broccolo
42%
Canberra
42%
Caroline
42%
Carrie
42%
Cesar
42%
Chadder
42%
Cheri
42%
Clyde
42%
Coach
42%
Cyd
42%
Deena
42%
Deirdre
42%
Derwin
42%
Dizzy
42%
Doc
42%
Drift
42%
Elmer
42%
Elvis
42%
Eugene
42%
Friga
42%
Frita
42%
Fuchsia
42%
Gigi
42%
Gladys
42%
Gonzo
42%
Gwen
42%
Hornsby
42%
Huck
42%
Jambette
42%
Judy
42%
Kitty
42%
Knox
42%
Kody
42%
Mallary
42%
Maple
42%
Marcie
42%
Marty
42%
Mint
42%
Miranda
42%
O'Hare
42%
Olaf
42%
Olive
42%
Ozzie
42%
Paolo
42%
Pate
42%
Pecan
42%
Pietro
42%
Queenie
42%
Quinn
42%
Roald
42%
Robin
42%
Rodeo
42%
Rolf
42%
Scoot
42%
Sherb
42%
Simon
42%
Snake
42%
Spike
42%
Tiansheng
42%
Vic
42%
Willow
42%
Zoe
42%
Becky
33%
Bella
33%
Benedict
33%
Benjamin
33%
Bitty
33%
Bonbon
33%
Boomer
33%
Boone
33%
Boyd
33%
Bruce
33%
Buzz
33%
Carmen
33%
Cashmere
33%
Claude
33%
Cole
33%
Cranston
33%
Cyrano
33%
Drake
33%
Eunice
33%
Faith
33%
Freckles
33%
Gala
33%
Gayle
33%
Groucho
33%
Harry
33%
Hippeux
33%
Hopkins
33%
Hopper
33%
Iggly
33%
Ike
33%
Jacob
33%
Jacques
33%
Leopold
33%
Lionel
33%
Lucha
33%
Maelle
33%
Marcel
33%
Margie
33%
Marlo
33%
Monique
33%
Monty
33%
Mott
33%
Nana
33%
Nate
33%
Pancetti
33%
Papi
33%
Peaches
33%
Pompom
33%
Poncho
33%
Portia
33%
Puddles
33%
Pudge
33%
Samson
33%
Sandy
33%
Sasha
33%
Stella
33%
Stitches
33%
Tank
33%
T-Bone
33%
Teddy
33%
Tipper
33%
Tucker
33%
Velma
33%
Victoria
33%
Violet
33%
Walker
33%
Weber
33%
Winnie
33%
Yuka
33%
Azalea
25%
Bangle
25%
Bertha
25%
Boots
25%
Boris
25%
Candi
25%
Chabwick
25%
Dora
25%
Gabi
25%
Greta
25%
Grizzly
25%
Gruff
25%
Hazel
25%
Hugh
25%
Ione
25%
Kevin
25%
Leonardo
25%
Louie
25%
Mathilda
25%
Midge
25%
Murphy
25%
Pango
25%
Penelope
25%
Petri
25%
Prince
25%
Rhonda
25%
Rooney
25%
Rory
25%
Roswell
25%
Sally
25%
Savannah
25%
Sheldon
25%
Soleil
25%
Sparro
25%
Spork
25%
Sylvana
25%
Sylvia
25%
Tabby
25%
Tiffany
25%
Toby
25%
Truffles
25%
Tutu
25%
Twiggy
25%
Wade
25%
Wart Jr.
25%
Clay
17%
Curt
17%
Frett
17%
Gaston
17%
Megan
17%
Pippy
17%
Plucky
17%
Raddle
17%
Rasher
17%
Rex
17%
Ricky
17%
Rio
17%
Rizzo
17%
Rocco
17%
Sly
17%
Snooty
17%
Tasha
17%
Vladimir
17%
Blaire
8%
Graham
8%
Tex
8%
No matching quizzes found
Score Distribution
Percent of People with Each Score
Percentile by Number Answered
Your Score History
You have not taken this quiz